El torbenillo de ideas: hacia una enseñanza más participativa
保存先:
| 第一著者: | |
|---|---|
| フォーマット: | 図書 |
| 言語: | スペイン語 |
| 出版事項: |
Madrid
Cincel
1982
Madrid Kapelusz 1982 |
| シリーズ: | Diálogos en Educación, 14
|
| 主題: | |
| タグ: |
タグ追加
タグなし, このレコードへの初めてのタグを付けませんか!
|
MARC
| LEADER | 00000nam a2200000 a 4500 | ||
|---|---|---|---|
| 001 | UCZ7480 | ||
| 003 | CL-VaPUC | ||
| 008 | 960105e19820000SP |||||||||||||||||spa|d | ||
| 082 | 0 | 4 | |a 371.302 |b PRA |2 21 |
| 100 | 0 | |a Prado Díez, David de |e author |9 352372 | |
| 245 | 1 | 3 | |a El torbenillo de ideas: hacia una enseñanza más participativa |
| 300 | |a 181 p | ||
| 942 | |c BK | ||
| 945 | |d 19960105 00:00:00 |a cmena | ||
| 260 | |a Madrid |b Cincel |c 1982 | ||
| 260 | |a Madrid |b Kapelusz |c 1982 | ||
| 650 | 0 | |a Métodos de enseñanza |9 270413 | |
| 650 | 7 | |a PARTICIPACION DEL ALUMNO |2 CL-VaPUC |9 339407 | |
| 650 | 7 | |a COMPORTAMIENTO DEL ALUMNO |2 CL-VaPUC |9 338060 | |
| 650 | 0 | |a Rol del docente |9 329733 | |
| 583 | |a last modification |c 20130413 08:49:46 |k Rodrigo Vera | ||
| 490 | 0 | |a Diálogos en Educación, 14 | |
| 999 | |c 243550 |d 243548 | ||
| 952 | |0 0 |1 0 |4 0 |6 371_302000000000000_PRA_1982_1982 |7 0 |8 P |9 257226 |a BIBEDU |b BIBEDU |c BIBEDU_PB |d 2019-11-19 |i 161181K |o 371.302 PRA 1982 1982 |p 161181K |r 2024-01-25 |w 2019-11-19 |y BK |k EDU | ||